| 000 | 00736nam a2200265Ia 4500 | ||
|---|---|---|---|
| 001 | Para_4722 | ||
| 003 | CHAP | ||
| 008 | 220125s1902 xx 000 0 und d | ||
| 010 | _a203196 | ||
| 040 | _cCHAP | ||
| 090 | _aPA FOLLETO 2123 | ||
| 100 |
_aThorne, C. E. _9112968 |
||
| 245 |
_aThe hessian fly in Ohio / _c C. E. Thorne |
||
| 260 |
_aWooster, Ohio : _b Agricultural Experiment Station |
||
| 300 | _a24 p. | ||
| 440 |
_aOhio. Agr. Exp. Sta. Bull; 136 _9168849 |
||
| 650 |
_aTrigo _x Plagas Phytophaga destructor _9168408 |
||
| 901 | _aPA FOLLETO 2123 | ||
| 902 | _aA | ||
| 905 | _a0000001902 WOO 0000000000 00 | ||
| 910 | _a1902 | ||
| 942 | _cPARA | ||
| 942 |
_cPARA _d1 |
||
| 999 |
_c203196 _d203196 |
||